№ 1 (157); Справочник эколога

Detalhes bibliográficos
Parent link:Справочник эколога. № 1 (157).— .— Москва: ООО «Профессиональное издательство», 2013-.— 2309-6268
Resumo:Текстовый файл
AM_alexhom
Idioma:russo
Publicado em: 2026
Acesso em linha:https://kiosker.ru/publication/6-spravochnik-ekologa/issue/1005185/
Formato: Recurso Electrónico Livro
KOHA link:https://koha.lib.tpu.ru/cgi-bin/koha/opac-detail.pl?biblionumber=685786

MARC

LEADER 00000nam2a2200000 4500
001 685786
005 20260330111506.0
090 |a 685786 
100 |a 20260330d2026 km|y0rusy50 ca 
101 0 |a rus 
102 |a RU 
105 |a a z 000yy 
135 |a drcn ---uucaa 
181 0 |a i   |b  e  
182 0 |a b 
183 |a cr  |2 RDAcarrier 
200 0 |a № 1 (157) 
203 |a Текст  |c электронный  |b визуальный 
210 |d 2026 
283 |a online_resource  |2 RDAcarrier 
336 |a Текстовый файл 
371 0 |a AM_alexhom 
461 1 |0 585563  |9 585563  |t Справочник эколога  |c Москва  |n ООО «Профессиональное издательство»  |d 2013-  |v № 1 (157)  |x 2309-6268 
801 0 |a RU  |b 63413507  |c 20260330  |g RCR 
850 |a 63413507 
856 4 0 |u https://kiosker.ru/publication/6-spravochnik-ekologa/issue/1005185/  |z https://kiosker.ru/publication/6-spravochnik-ekologa/issue/1005185/ 
942 |c CF